Regulačný sandbox áno, ale...

Národná banka Slovenska a Centrum pre finančné inovácie Ministerstva financií zisťujú pomocou verejnej konzultácie k regulačnému sandboxu názor verejnosti na to, či na Slovensku existuje dopyt po vytvorení regulačného sandboxu. Najvhodnejšie nastavenie regulačného sandboxu. Virtuálny sandbox. Metóda...

Descripción completa

Guardado en:
Detalles Bibliográficos
Formato: Capítulo de libro
Lenguaje:eslovaco
Materias:
Etiquetas: Agregar Etiqueta
Sin Etiquetas, Sea el primero en etiquetar este registro!

MARC

LEADER 00000naa a2200000 4500
001 0269357
005 20201021082414.6
041 0 |a slo 
044 |a CZ 
245 1 0 |a Regulačný sandbox áno, ale... 
520 |a Národná banka Slovenska a Centrum pre finančné inovácie Ministerstva financií zisťujú pomocou verejnej konzultácie k regulačnému sandboxu názor verejnosti na to, či na Slovensku existuje dopyt po vytvorení regulačného sandboxu. Najvhodnejšie nastavenie regulačného sandboxu. Virtuálny sandbox. Metóda Business Value Framework. Riziká so zavedením regulačného sandboxu. Možné zriadenie regulačného sandboxu v roku 2021. 
610 2 0 |a regulácia 
610 2 0 |a bankovníctvo 
610 2 0 |a Slovensko